|
|
|
|
| LEADER |
00736cam a2200181 7i4500 |
| 001 |
0000024943 |
| 005 |
20100804090000.0 |
| 090 |
0 |
0 |
|a MAT 297.56722
|b MAL
|
| 110 |
2 |
0 |
|a Malaysia External Trade Development Corporation (MATRADE)
|
| 245 |
2 |
0 |
|a MIHAS :
|b directory of buyers - sellers (21 - 22 June 2010, Menara MATRADE : Kuala Lumpur).
|
| 260 |
0 |
0 |
|a Kuala Lumpur:
|b MATRADE,
|c 2010.
|
| 300 |
# |
# |
|a 480 p.
|
| 650 |
0 |
0 |
|a Business --
|x Directories --
|z Malaysia
|
| 650 |
0 |
0 |
|a Buyers - sellers meet --
|x Directories --
|z Malaysia
|
| 650 |
0 |
0 |
|a MIHAS --
|x Directories --
|z Malaysia
|
| 650 |
0 |
0 |
|a Halal --
|x Trade Fairs --
|x Directories --
|z Malaysia
|
| 651 |
0 |
0 |
|a Malaysia
|
| 999 |
|
|
|a 0000027466
|b Directories
|c MATRADEs Collection
|e Business Information Centre
|